John Cena trivia - Statistics

General Stats
  • This quiz has been taken 917 times
  • The average score is 15 of 24
Answer Stats
Hint Answer % Correct
Who did John Cena wrestle in his debut match on Smackdown in 2002? Kurt Angle
88%
Complete the catchphrase: "Hustle, loyalty, _______" respect
81%
When he was in his rapper persona, what did Cena claim to be the Doctor of? Thuganomics
81%
What year did Cena make a triumphant return from injury, several months earlier than expected, to win the Royal Rumble? 2008
78%
Whose feud with John Cena spanned from Wrestlemania 27 to Wrestlemania 29? Dwayne "The Rock" Johnson
78%
Who cashed in the first ever Money in the Bank briefcase to win the WWE Championship from John Cena in 2006? Edge
76%
At the 2017 Royal Rumble, Cena won his 16th world championship, tying the record set by who? Ric Flair
76%
Who did John Cena become engaged to at Wrestlemania 33? Nikki Bella
74%
Who defeated Cena for the WWE Championship at ECW One Night Stand in 2006? Rob Van Dam
70%
Who did Cena defeat to win his first WWE Championship at Wrestlemania 21? John Bradshaw Layfield
68%
What song from this album has Cena used as his entrance music ever since? The Time is Now
68%
Cena sucks!
67%
Who did Cena defeat in a brutal and bloody match at Extreme Rules in 2012? Brock Lesnar
65%
What two competing chants do fans often chant during Cena's wrestling matches? Let's go Cena!
63%
Cena failed his own Money in the Bank cash-in when he defeated which superstar by disqualification on the 1,000th episode of Raw? CM Punk
62%
What collective name does WWE use to refer to John Cena's fan base? the Cenation
55%
What ring name did Cena use while in WWF developmental territory Ohio Valley Wrestling? The Prototype
54%
What Massachusetts town does Cena call home? West Newbury
53%
What WWE Studios movie was John Cena's first starring film role? The Marine
52%
What cereal box did Cena appear on, thanks to a comment by The Rock about Cena's colorful T-shirts? Fruity Pebbles
50%
In what type of match does John Cena remain undefeated? "I Quit" match
47%
What was the name of Cena's 2005 rap album? You Can't See Me
35%
What reality TV show on Fox did Cena host beginning in 2016? American Grit
6%
What has Cena named as his favorite anime movie? Fist of the North Star
5%
No matching quizzes found
Score Distribution
Percent of People with Each Score
Percentile by Number Answered
Your Score History
You have not taken this quiz